Équipes des Dresseurs Pokémon (Kanto) - Statistiques

Statistiques générales
  • Ce quiz a été pris 526 fois
  • Le résultat moyen est 813 sur 909
Statistiques - réponses
Lieux Dresseurs Pokémon % Correct
Bourg Palette Rival Blue Bulbizarre
100%
Bulbizarre
100%
Bulbizarre
100%
Bulbizarre
100%
Pique-Nique Tina Bulbizarre
100%
Canon Olivia Bulbizarre
100%
Carapuce
99%
ou Carapuce
99%
ou Carapuce
99%
Campeur Rachid Carapuce
99%
Carapuce
99%
Route 22 Rival Blue Roucool
99%
Route 3 Fillette Perrine Roucool
99%
Roucool
99%
Fillette Meg Roucool
99%
Fillette Aude Roucool
99%
Pique-Nique Isabelle Roucool
99%
Roucool
99%
Roucool
99%
Fillette Lotte Roucool
99%
Pique-Nique Kim Roucool
99%
Roucool
99%
Route 10 Pique-Nique Carole Roucool
99%
Fillette Megan Roucool
99%
Roucool
99%
Route 14 Ornithologue Francis Roucool
99%
Ornithologue Mitch Roucool
99%
Roucool
99%
Ornithologue Sébastien Roucool
99%
Pique-Nique Suzy Roucool
99%
Pique-Nique Gwënaelle Roucool
99%
Roucool
99%
Ornithologue Pedro Roucool
99%
Roucool
99%
Ornithologue Bob Roucool
99%
Salamèche
99%
ou Salamèche
99%
ou Salamèche
99%
Salamèche
99%
Pokémaniac Stéphane Salamèche
99%
Jumelles Joy & Kate Salamèche
99%
Pillard Arnie Salamèche
99%
Salamèche
99%
Chenipan
97%
Scout Anthony Chenipan
97%
Chenipan
97%
Scout Charles Chenipan
97%
Chenipan
97%
Scout Piotr Chenipan
97%
Chenipan
97%
Chenipan
97%
Scout James Chenipan
97%
Scout Robin Chenipan
97%
Chenipan
97%
Route 24 Scout Aymeric Chenipan
97%
Chenipan
97%
Scout Gérard Chenipan
97%
Arène d'Argenta Campeur Elvin Racaillou
97%
Champion Pierre Racaillou
97%
Montagnard Marcos Racaillou
97%
Racaillou
97%
Route 25 Montagnard François Racaillou
97%
Montagnard Hiro Racaillou
97%
Racaillou
97%
Racaillou
97%
Montagnard Al Racaillou
97%
Montagnard Brice Racaillou
97%
Racaillou
97%
Montagnard Jean-Luc Racaillou
97%
Racaillou
97%
Racaillou
97%
Montagnard Tanguy Racaillou
97%
Montagnard Lucas Racaillou
97%
Montagnard Alain Racaillou
97%
Montagnard Dorian Racaillou
97%
Racaillou
97%
Montagnard Luigi Racaillou
97%
Forêt de Jade Scout Omar Aspicot
96%
Scout Alfred Aspicot
96%
Aspicot
96%
Scout Sammy Aspicot
96%
Aspicot
96%
Scout Grégory Aspicot
96%
Mont Sélénite Scout Ken Aspicot
96%
Aspicot
96%
Route 6 Scout Keneda Aspicot
96%
Aspicot
96%
Aspicot
96%
ou Carabaffe
96%
ou Carabaffe
96%
Carabaffe
96%
Carabaffe
96%
Chrysacier
96%
Chrysacier
96%
Chrysacier
96%
Chrysacier
96%
Chrysacier
96%
Coconfort
96%
Coconfort
96%
Coconfort
96%
Coconfort
96%
Herbizarre
96%
Herbizarre
96%
Herbizarre
96%
Herbizarre
96%
Herbizarre
96%
Herbizarre
96%
Onix
96%
Onix
96%
Montagnard Jérémy Onix
96%
Onix
96%
Onix
96%
Onix
96%
Onix
96%
Onix
96%
Onix
96%
Montagnard Guillaume Onix
96%
Onix
96%
Onix
96%
Conseil 4 Aldo Onix
96%
Onix
96%
Rival Blue Roucarnage
96%
Route 22 Rival Blue Roucarnage
96%
Maître Blue Roucarnage
96%
ou Tortank
96%
ou Tortank
96%
Tortank
96%
ou Tortank
96%
ou Dracaufeu
95%
ou Dracaufeu
95%
Dracaufeu
95%
ou Dracaufeu
95%
Florizarre
95%
Florizarre
95%
Florizarre
95%
Gamin Ben Rattata
95%
Fillette Sally Rattata
95%
Gamin Johnny Rattata
95%
Rattata
95%
Rattata
95%
Sbire Rocket Rattata
95%
Sbire Rocket Rattata
95%
Rattata
95%
Campeur Djamel Rattata
95%
Gamin Jo Rattata
95%
Campeur Frédéric Rattata
95%
Pique-Nique Nancy Rattata
95%
Fillette Maëlle Rattata
95%
Campeur Tristan Rattata
95%
Rattata
95%
Rattata
95%
Rattata
95%
Sbire Rocket Rattata
95%
Rattata
95%
Sbire Rocket Rattata
95%
Rattata
95%
Rattata
95%
Sbire Rocket Rattata
95%
Rattata
95%
Rattata
95%
Rattata
95%
Canon Léa Rattata
95%
Rattata
95%
Gamin Chon Rattata
95%
Rattata
95%
ou Reptincel
95%
ou Reptincel
95%
Reptincel
95%
Reptincel
95%
Pokémaniac Adrien Reptincel
95%
Azuria Rival Blue Roucoups
95%
Rival Blue Roucoups
95%
Roucoups
95%
Tour Pokémon Rival Blue Roucoups
95%
Route 15 Canon Grace Roucoups
95%
Roucoups
95%
Roucoups
95%
Ornithologue Ladislas Roucoups
95%
Roucoups
95%
Roucoups
95%
Roucoups
95%
Roucoups
95%
Scout Elijah Papilusion
94%
Arcanin
93%
Arcanin
93%
ou Arcanin
93%
Gravalanch
93%
Gravalanch
93%
Gravalanch
93%
Gravalanch
93%
Gravalanch
93%
Nidoqueen
93%
Nidoqueen
93%
Nidoqueen
93%
Nidoqueen
93%
Nidoran F
93%
Fillette Lana Nidoran F
93%
Pique-Nique Zora Nidoran F
93%
Nidoran F
93%
Gentleman Lilian Nidoran F
93%
Fillette Marine Nidoran F
93%
Nidoran F
93%
Nidoran M
93%
Nidoran M
93%
Nidoran M
93%
Nidoran M
93%
Gamin Dave Nidoran M
93%
Jeune Couple Gia & Jes Nidoran M
93%
Campeur Justin Nidoran M
93%
Gamin Calvin Piafabec
93%
Piafabec
93%
Campeur Antonio Piafabec
93%
Piafabec
93%
Route 18 Ornithologue Wilfried Piafabec
93%
Ornithologue Jacob Piafabec
93%
Piafabec
93%
Piafabec
93%
Piafabec
93%
Ornithologue Erik Piafabec
93%
Ornithologue Frédo Piafabec
93%
Piafabec
93%
Piafabec
93%
Piafabec
93%
Piafabec
93%
Alakazam
92%
Alakazam
92%
Alakazam
92%
Alakazam
92%
Draco
92%
Draco
92%
Kadabra
92%
Kadabra
92%
Jongleur Bibiche Kadabra
92%
Kadabra
92%
Kadabra
92%
Kinésiste Noé Kadabra
92%
Kadabra
92%
Kinésiste Tyron Kadabra
92%
Champion Morgane Kadabra
92%
Kadabra
92%
Kadabra
92%
Intello Rémi Magnéti
92%
Mécano Killian Magnéti
92%
Magnéti
92%
Scientifique Julien Magnéti
92%
Scientifique Yanis Magnéti
92%
Magnéti
92%
Scientifique Thierry Magnéti
92%
Mécano Maxence Magnéti
92%
Mécano Bernard Magnéti
92%
Magnéti
92%
Croupier Clément Magnéti
92%
Scientifique Rayan Magnéti
92%
Scientifique Yvan Magnéti
92%
Nidoking
92%
Nidoking
92%
Couple Cool Roméo & Tyra Nidoking
92%
Nidorino
92%
Nidorino
92%
Nidorino
92%
Nidorino
92%
Nosférapti
92%
Nosférapti
92%
Sbire Rocket Nosférapti
92%
Nosférapti
92%
Nosférapti
92%
Sbire Rocket Nosférapti
92%
Nosférapti
92%
Nosférapti
92%
Sbire Rocket Nosférapti
92%
Sbire Rocket Nosférapti
92%
Nosférapti
92%
Sylphe SARL Sbire Rocket Nosférapti
92%
Nosférapti
92%
Nosférapti
92%
Nosférapti
92%
Nosférapti
92%
Sbire Rocket Nosférapti
92%
Nosférapti
92%
Nosférapti
92%
Nosférapti
92%
Nosférapti
92%
Abra
91%
Gentleman Tony Caninos
91%
Caninos
91%
Gentleman Lamar Caninos
91%
Campeur Christophe Caninos
91%
Croupier Blaise Caninos
91%
Croupier Esteban Caninos
91%
Pillard Samir Caninos
91%
Caninos
91%
Caninos
91%
Caninos
91%
Intello Zac Caninos
91%
Champion Auguste Caninos
91%
Scout Brad Dardargnan
91%
Dardargnan
91%
Dracolosse
91%
Exorciste Hortense Fantominus
91%
Exorciste Patricia Fantominus
91%
Exorciste Lora Fantominus
91%
Exorciste Graziella Fantominus
91%
Fantominus
91%
Exorciste Joelle Fantominus
91%
Exorciste Paula Fantominus
91%
Exorciste Aurore Fantominus
91%
Exorciste Karina Fantominus
91%
Exorciste Zia Fantominus
91%
Exorciste Angélique Fantominus
91%
Fantominus
91%
Fantominus
91%
Exorciste Jennifer Fantominus
91%
Exorciste Sara Fantominus
91%
Exorciste Amanda Fantominus
91%
Exorciste Tatiana Fantominus
91%
Fantominus
91%
Léviator
91%
Léviator
91%
Léviator
91%
Conseil 4 Peter Léviator
91%
ou Léviator
91%
Machopeur
91%
Machopeur
91%
Sbire Rocket Machopeur
91%
Loubard Loris Machopeur
91%
Machopeur
91%
Karatéka Hakira Machopeur
91%
Machopeur
91%
Machopeur
91%
Machopeur
91%
Machopeur
91%
Machopeur
91%
Pêcheur Ali Magicarpe
91%
Magicarpe
91%
Pêcheur Aristide Magicarpe
91%
Magicarpe
91%
Magicarpe
91%
Magicarpe
91%
Magicarpe
91%
Magicarpe
91%
Magnéton
91%
Magnéton
91%
Magnéton
91%
Magnéton
91%
Magnéton
91%
Magnéton
91%
Nidorina
91%
Nidorina
91%
Pikachu
91%
Gentleman Samy Pikachu
91%
Pikachu
91%
Arène de Carmin-sur-Mer Marin Harold Pikachu
91%
Pikachu
91%
Gentleman Anatole Pikachu
91%
Pikachu
91%
Route 10 Pique-Nique Heidi Pikachu
91%
Pikachu
91%
Pique-Nique Geneviève Pikachu
91%
Pikachu
91%
Pikachu
91%
Raichu
91%
Raichu
91%
Rattatac
91%
Rattatac
91%
Sbire Rocket Rattatac
91%
Rattatac
91%
Rattatac
91%
Rattatac
91%
Rattatac
91%
Rattatac
91%
Rattatac
91%
Rattatac
91%
Sbire Rocket Rattatac
91%
Rattatac
91%
Sbire Rocket Rattatac
91%
Sbire Rocket Rattatac
91%
Rattatac
91%
Rattatac
91%
Topdresseur Enzo Rattatac
91%
Fillette Suzette Rondoudou
91%
Pique-Nique Sofia Rondoudou
91%
Rondoudou
91%
Rondoudou
91%
Exorciste Tania Spectrum
91%
Spectrum
91%
Spectrum
91%
Exorciste Aimée Spectrum
91%
Spectrum
91%
Voltorbe
91%
Voltorbe
91%
Voltorbe
91%
Champion Major Bob Voltorbe
91%
Intello Luc Voltorbe
91%
Voltorbe
91%
Voltorbe
91%
Scientifique Thibault Voltorbe
91%
Scientifique Patrick Voltorbe
91%
Scientifique Ed Voltorbe
91%
Motard Panis Voltorbe
91%
Voltorbe
91%
Voltorbe
91%
Rocker Elton Voltorbe
91%
Voltorbe
91%
Abo
90%
Abo
90%
Abo
90%
Sbire Rocket Abo
90%
Abo
90%
Abo
90%
Gamin Cédric Abo
90%
Abo
90%
Abo
90%
Sbire Rocket Abo
90%
Sbire Rocket Abo
90%
Abo
90%
Route 11 Gamin Eddie Abo
90%
Manoir Pokémon Gamin Bryan Abo
90%
Abo
90%
Conseil 4 Agatha Ectoplasma
90%
Ectoplasma
90%
Machoc
90%
Machoc
90%
Azuria Sbire Rocket Machoc
90%
Marin Philippe Machoc
90%
Marin Trevor Machoc
90%
Marin Edmond Machoc
90%
Montagnard Maurice Machoc
90%
Machoc
90%
Machoc
90%
Montagnard Éric Machoc
90%
Machoc
90%
Sbire Rocket Machoc
90%
Machoc
90%
Dojo Safrania Karatéka Hitoshi Machoc
90%
Karatéka Hideki Machoc
90%
Sbire Rocket Machoc
90%
Sbire Rocket Machoc
90%
Machoc
90%
Loubard Koji Machoc
90%
Machoc
90%
Loubard Kari Machoc
90%
Loubard Geoffrey Machoc
90%
Machoc
90%
Karatéka Tetsuo Machoc
90%
Karatéka Takashi Machoc
90%
Karatéka Daisuke Machoc
90%
Fillette Iris Mélofée
90%
Mélofée
90%
Pique-Nique Erin Mélofée
90%
Route 8 Fillette Julia Mélofée
90%
Mélofée
90%
Jumelles Eli & Anne Mélofée
90%
Pique-Nique Célia Mélofée
90%
Canon Sheila Mélofée
90%
Topdresseur Alexia Mélofée
90%
Fillette Miriam Mystherbe
90%
Mystherbe
90%
Mystherbe
90%
Mystherbe
90%
Mystherbe
90%
Mystherbe
90%
Mystherbe
90%
Pique-Nique Marthe Mystherbe
90%
Fillette Lisa Mystherbe
90%
Mystherbe
90%
Mystherbe
90%
Mystherbe
90%
Pique-Nique Selena Mystherbe
90%
Mystherbe
90%
Croupier Dimitri Mystherbe
90%
Nosferalto
90%
Nosferalto
90%
Nosferalto
90%
Nosferalto
90%
Nosferalto
90%
Nosferalto
90%
Nosferalto
90%
Nosferalto
90%
Rapasdepic
90%
Rapasdepic
90%
Rapasdepic
90%
Rapasdepic
90%
Rapasdepic
90%
Rapasdepic
90%
Rapasdepic
90%
Ornithologue Roger Rapasdepic
90%
Rapasdepic
90%
Arbok
89%
Sbire Rocket Arbok
89%
Arbok
89%
Dompteur Phil Arbok
89%
Dompteur Edgar Arbok
89%
Arbok
89%
Arène de Jadielle Dompteur Cyril Arbok
89%
Arbok
89%
Chétiflor
89%
Chétiflor
89%
Route 9 Pique-Nique Alicia Chétiflor
89%
Chétiflor
89%
Chétiflor
89%
Chétiflor
89%
Arène de Céladopole Fillette Katy Chétiflor
89%
Canon Tamia Chétiflor
89%
Chétiflor
89%
Canon Élodie Chétiflor
89%
Chétiflor
89%
Topdresseur Marie Chétiflor
89%
Pique-Nique Jeanne Chétiflor
89%
Chétiflor
89%
Topdresseur Caroline Chétiflor
89%
Scientifique José Électrode
89%
Scientifique Rodolphe Électrode
89%
Scientifique Joseph Électrode
89%
Électrode
89%
Électrode
89%
Scientifique Théo Électrode
89%
Électrode
89%
Électrode
89%
Karatéka Koichi Kicklee
89%
Duo Baston Ron & Mya Kicklee
89%
Kicklee
89%
Ortide
89%
Ortide
89%
Ortide
89%
Ortide
89%
Otaria
89%
Pique-Nique Diane Poissirène
89%
Pêcheur Fabio Poissirène
89%
Poissirène
89%
Route 13 Pique-Nique Axelle Poissirène
89%
Route 12 Pêcheur Erwan Poissirène
89%
Poissirène
89%
Pêcheur Alphonse Poissirène
89%
Pêcheur Serge Poissirène
89%
Poissirène
89%
Nageur David Poissirène
89%
Poissirène
89%
Poissirène
89%
Frère et Soeur Vivi & Sam Poissirène
89%
Nageuse Alice Poissirène
89%
Poissirène
89%
Poissirène
89%
Nageur Téo Poissirène
89%
Pique-Nique Clo Poissirène
89%
Pêcheur Noël Poissirène
89%
Nageur Fabien Poissirène
89%
Poissoroy
89%
Poissoroy
89%
Poissoroy
89%
Poissoroy
89%
Nageuse Sabrina Poissoroy
89%
Poissoroy
89%
Poissoroy
89%
Poissoroy
89%
Poissoroy
89%
Poissoroy
89%
Poissoroy
89%
Rafflesia
89%
Champion Ondine Stari
89%
Stari
89%
Stari
89%
Stari
89%
Nageuse Constance Stari
89%
Stari
89%
Stari
89%
Stari
89%
Nageur Jean Stari
89%
Route 21 Nageur Jérôme Stari
89%
Boustiflor
88%
Boustiflor
88%
Boustiflor
88%
Grodoudou
88%
Lamantine
88%
Plateau Indigo Conseil 4 Olga Lamantine
88%
Mackogneur
88%
Mackogneur
88%
Mackogneur
88%
Pokémaniac Achille Rhinocorne
88%
Boss Giovanni Rhinocorne
88%
Rhinocorne
88%
Dompteur Youri Rhinocorne
88%
Topdresseur Wolfgang Rhinocorne
88%
Rhinocorne
88%
Champion Giovanni Rhinocorne
88%
Rhinocorne
88%
Rhinocorne
88%
Smogo
88%
Intello Jovan Smogo
88%
Motard Ricardo Smogo
88%
Smogo
88%
Smogo
88%
Smogo
88%
Smogo
88%
Smogo
88%
Smogo
88%
Sbire Rocket Smogo
88%
Sbire Rocket Smogo
88%
Smogo
88%
Smogo
88%
Smogo
88%
Smogo
88%
Smogo
88%
Smogo
88%
Smogo
88%
Smogo
88%
Motard Steven Smogo
88%
Route 17 Motard Virgile Smogo
88%
Motard William Smogo
88%
Smogo
88%
Smogo
88%
Champion Koga Smogo
88%
Smogo
88%
Motard Ernest Smogo
88%
Smogo
88%
Smogo
88%
Motard Alex Smogo
88%
Motard Gérald Smogo
88%
Motard Mathéo Smogo
88%
Smogo
88%
Smogo
88%
Motard Malik Smogo
88%
Motard Isaac Smogo
88%
Motard Boris Smogo
88%
Smogo
88%
Smogo
88%
Staross
88%
Nageur Jacques Staross
88%
Staross
88%
Tygnon
88%
Tygnon
88%
Tygnon
88%
Crustabri
87%
Crustabri
87%
Crustabri
87%
Crustabri
87%
Crustabri
87%
Galopa
87%
Intello Didier Galopa
87%
Galopa
87%
Galopa
87%
Goupix
87%
Goupix
87%
Arène de Cramois'Île Pillard Isidor Goupix
87%
Intello Erik Goupix
87%
Goupix
87%
Goupix
87%
Pillard Armand Goupix
87%
Goupix
87%
Goupix
87%
Pique-Nique Emma Miaouss
87%
Pique-Nique Christelle Miaouss
87%
Miaouss
87%
Fillette Valentine Miaouss
87%
Miaouss
87%
Miaouss
87%
Miaouss
87%
Miaouss
87%
Miaouss
87%
Miaouss
87%
Ponyta
87%
Ponyta
87%
Intello Evan Ponyta
87%
Pillard Victor Ponyta
87%
Ponyta
87%
Ponyta
87%
Rhinoféros
87%
Smogogo
87%
Smogogo
87%
Smogogo
87%
Smogogo
87%
Sbire Rocket Smogogo
87%
Motard Hideo Smogogo
87%
Smogogo
87%
Smogogo
87%
Smogogo
87%
Smogogo
87%
Smogogo
87%
Smogogo
87%
Motard Romain Smogogo
87%
Smogogo
87%
Smogogo
87%
Smogogo
87%
Triopikeur
87%
Champion Erika Empiflor
86%
Empiflor
86%
Topdresseur Georges Noadkoko
86%
Noadkoko
86%
Ptéra
86%
Sabelette
86%
Sbire Rocket Sabelette
86%
Sabelette
86%
Gamin Tim Sabelette
86%
Sabelette
86%
Sabelette
86%
Sabelette
86%
Sbire Rocket Sabelette
86%
Sabelette
86%
Sbire Rocket Sabelette
86%
Gamin Denden Sabelette
86%
Route 16 Jeune Couple Lise & Ali Feunard
85%
Pillard Simon Feunard
85%
Feunard
85%
Feunard
85%
Feunard
85%
Kokiyas
85%
Kokiyas
85%
Marin Léonard Kokiyas
85%
Kokiyas
85%
Kokiyas
85%
Kokiyas
85%
Kokiyas
85%
Kokiyas
85%
Chenal 20 Nageur Benoît Kokiyas
85%
Nageuse Jade Kokiyas
85%
Kokiyas
85%
Pêcheur Claude Kokiyas
85%
Mimitoss
85%
Canon Laurence Noeunoeuf
85%
Noeunoeuf
85%
Noeunoeuf
85%
Noeunoeuf
85%
Aéromite
84%
Grotadmorv
84%
Grotadmorv
84%
Motard Willy Grotadmorv
84%
Grotadmorv
84%
Grotadmorv
84%
Grotadmorv
84%
Grotadmorv
84%
Intello Michel Tadmorv
84%
Intello Glen Tadmorv
84%
Tadmorv
84%
Motard Medhi Tadmorv
84%
Tadmorv
84%
Tadmorv
84%
Sbire Rocket Tadmorv
84%
Sbire Rocket Tadmorv
84%
Tadmorv
84%
Scientifique Joao Tadmorv
84%
Tadmorv
84%
Tadmorv
84%
Montagnard Layo Tadmorv
84%
Tadmorv
84%
Tadmorv
84%
Tadmorv
84%
Tadmorv
84%
Tadmorv
84%
Tadmorv
84%
Ornithologue Juste Doduo
83%
Doduo
83%
Ornithologue Martin Doduo
83%
Doduo
83%
Doduo
83%
Flagadoss
83%
Kinésiste Polo Flagadoss
83%
Flagadoss
83%
Hypocéan
83%
Hypocéan
83%
Hypocéan
83%
Hypocéan
83%
Nageur Sylvain Hypocéan
83%
Frère et Soeur Ly & Ian Hypocéan
83%
Hypocéan
83%
Arène d'Azuria Nageur Louis Hypotrempe
83%
Marin Ludovic Hypotrempe
83%
Marin Régis Hypotrempe
83%
Hypotrempe
83%
Hypotrempe
83%
Hypotrempe
83%
Hypotrempe
83%
Hypotrempe
83%
Chenal 19 Nageur Antoine Hypotrempe
83%
Hypotrempe
83%
Nageur Dominique Hypotrempe
83%
Hypotrempe
83%
Hypotrempe
83%
Nageur Daniel Hypotrempe
83%
Hypotrempe
83%
Hypotrempe
83%
Nageuse Shirley Hypotrempe
83%
Hypotrempe
83%
Route Victoire Topdresseur Naomi Persian
83%
Dompteur Vincent Persian
83%
Persian
83%
Croupier Stanislas Ptitard
83%
Ptitard
83%
Ptitard
83%
Pique-Nique Valéria Ptitard
83%
Ptitard
83%
Croupier Ugo Ptitard
83%
Ptitard
83%
Pêcheur Elliot Ptitard
83%
Nageur Mattéo Ptitard
83%
Nageuse Anya Ptitard
83%
Ptitard
83%
Nageuse Mélissa Ptitard
83%
Gamin Dan Ramoloss
83%
Ramoloss
83%
Pokémaniac Jean-Marie Ramoloss
83%
Pokémaniac Arthur Ramoloss
83%
Ramoloss
83%
Ramoloss
83%
Ramoloss
83%
Arène de Safrania Kinésiste Prosper Ramoloss
83%
Ramoloss
83%
Ramoloss
83%
Soporifik
83%
Repaire Rocket Sbire Rocket Soporifik
83%
Soporifik
83%
Soporifik
83%
Soporifik
83%
Sbire Rocket Soporifik
83%
Sbire Rocket Soporifik
83%
Soporifik
83%
Jongleur Vicente Soporifik
83%
Jongleur Robert Soporifik
83%
Jongleur Chris Soporifik
83%
Soporifik
83%
Soporifik
83%
Jongleur Nelson Soporifik
83%
Tentacool
83%
Marin Henri Tentacool
83%
Pêcheur Barney Tentacool
83%
Tentacool
83%
Tentacool
83%
Tentacool
83%
Tentacool
83%
Tentacool
83%
Nageur Axel Tentacool
83%
Tentacool
83%
Nageur Richard Tentacool
83%
Pique-Nique Irène Tentacool
83%
Tentacool
83%
Lokhlass
82%
Lokhlass
82%
Sablaireau
82%
Sablaireau
82%
Sablaireau
82%
Sablaireau
82%
Topdresseur Yuji Sablaireau
82%
Topdresseur Samuel Sablaireau
82%
Sablaireau
82%
Sablaireau
82%
Colossinge
81%
Colossinge
81%
Karatéka Igor Colossinge
81%
Colossinge
81%
Loubard Didier Colossinge
81%
Ornithologue Ramiro Dodrio
81%
Dodrio
81%
Campeur Diego Férosinge
81%
Férosinge
81%
Karatéka Maxime Férosinge
81%
Férosinge
81%
Férosinge
81%
Férosinge
81%
Loubard Jason Férosinge
81%
Loubard Jamal Férosinge
81%
Férosinge
81%
Hypnomade
81%
Sbire Rocket Hypnomade
81%
Hypnomade
81%
Arène de Parmanie Jongleur Melvin Hypnomade
81%
Hypnomade
81%
Hypnomade
81%
Lippoutou
81%
Saquedeneu
81%
Saquedeneu
81%
Têtarte
81%
Têtarte
81%
Nageur Pacôme Têtarte
81%
Têtarte
81%
Kangourex
80%
Boss Giovanni Kangourex
80%
Route 4 Fillette Rachel Paras
80%
Paras
80%
Paras
80%
Tentacruel
79%
Tentacruel
79%
Tentacruel
79%
Grotte Pokémaniac Quentin Osselait
78%
Osselait
78%
Pokémaniac Hervé Osselait
78%
Sbire Rocket Osselait
78%
Osselait
78%
Sbire Rocket Osselait
78%
Osselait
78%
Sbire Rocket Osselait
78%
Parasect
78%
Parasect
78%
Tauros
78%
M.Mime
77%
M.Mime
77%
M.Mime
77%
M.Mime
77%
Jongleur JB M.Mime
77%
L'Océane Gamin Ethan Nidoran M
76%
Canarticho
75%
Ornithologue Donald Canarticho
75%
Ossatueur
72%
Ossatueur
72%
Ossatueur
72%
Ossatueur
72%
Akwakwak
71%
Akwakwak
71%
Leveinard
71%
Excelangue
70%
Excelangue
70%
Topdresseur Lorenzo Krabboss
66%
Aucun quiz correspondant
Distribution des résultats
% des personnes avec chaque résultat
Percentile par nombre de réponses
Votre historique - résultats
Vous n’avez pas pris ce quiz